غیر مسلمو ن سے تعلقا ت ا و ر ا نکے حقو ق (Record no. 146836)

MARC details
000 -LEADER
fixed length control field 01003nam a22002177a 4500
005 - DATE AND TIME OF LATEST TRANSACTION
control field 20171128161607.0
010 ## - LCCN (DPL NO)
LC control number UR-9839
020 6# - INTERNATIONAL STANDARD BOOK NUMBER
Terms of availability 185.00
035 ## - SYSTEM CONTROL NUMBER
System control number U-8394
037 ## - SOURCE OF ACQUISITION
Source of stock number/acquisition DBAD/PUB
082 ## - DEWEY DECIMAL CLASSIFICATION NUMBER
Classification number 342.54
100 ## - MAIN ENTRY--PERSONAL NAME
Personal name مو لا نا سید جلاالد ین عمر ی
245 ## - TITLE STATEMENT
Title غیر مسلمو ن سے تعلقا ت ا و ر ا نکے حقو ق
Statement of responsibility, etc مو لا نا سید جلاالد ین عمر ی
246 ## - VARYING FORM OF TITLE
Remainder of title
Title proper/short title Ghair Muslimon Se Talluqaat Aur Un Ke Huqooq
250 ## - EDITION STATEMENT
Edition statement by Moulana Sayyed Jalaluddin Umari
260 ## - PUBLICATION, DISTRIBUTION, ETC. (IMPRINT)
Place of publication, distribution, etc نئی د لی
Name of publisher, distributor, etc Merkazi Maktaba Islami Publishers
Date of publication, distribution, etc 2013
270 ## - ADDRESS
Address D307,Dawat Nagar,Abul Fazal Enclave,Jamia Nagar ,
City New Delhi
Postal code 110025
Telephone number 01126971652
Fax number -
300 ## - PHYSICAL DESCRIPTION
Extent 320ص
Dimensions 22 Cm.(B.b)
500 ## - GENERAL NOTE
General note دو حصہ
942 ## - ADDED ENTRY ELEMENTS (KOHA)
Source of classification or shelving scheme Dewey Decimal Classification
Item type Urdu Bks
Classification part 342.54
Call number suffix ج ل ا
Edition
Holdings
Withdrawn status Lost status Not for loan Collection code Home library Current library Date acquired Source of acquisition Cost, normal purchase price Full call number Barcode Copy number Cost, replacement price Koha item type
    Not For Loan Non-fiction D.B.Act.Division D.B.Act.Division 25/10/2017 DBAD/PUB. 185.00 342.54 ج ل ا U-8394 1 185.00 Urdu Bks

© Delhi Public Library
Hit Counter
free hit counter